[Event "Ch BLR 2014"]
[Site "?"]
[Date "2014.01.17"]
[Round "11.5"]
[White "Ziaziulkina, Nastassia"]
[Black "Lomako, Pavel"]
[Result "1-0"]
[WhiteElo "2386"]
[BlackElo "2370"]
[PlyCount "115"]
[EventDate "2014.??.??"]

1. e4 c6 2. d4 d5 3. Nd2 g6 4. Ngf3 Bg7 5. Bd3 Nd7 6. Qe2 dxe4 7. Nxe4 Ndf6 8.
Neg5 Nh6 9. O-O O-O 10. c3 Nf5 11. Re1 h6 12. Ne4 Nd5 13. Bd2 e6 14. Rad1 Qc7
15. h3 Nf4 16. Bxf4 Qxf4 17. Ne5 Qh4 18. Qf3 Qd8 19. Qf4 Qh4 20. Qf3 Qd8 21.
Bb1 Nd6 22. Nxd6 Qxd6 23. h4 Bd7 24. Qd3 h5 25. Re3 Rad8 26. Bc2 Be8 27. Qe2 c5
28. dxc5 Qc7 29. Rxd8 Qxd8 30. g3 Qc7 31. b4 b6 32. cxb6 axb6 33. Qe1 Bc6 34.
f4 Bd5 35. a4 Rc8 36. Qe2 Bf8 37. Qb5 Ba8 38. Qd7 Bxb4 39. cxb4 Qxd7 40. Nxd7
Rxc2 41. Nxb6 Bg2 42. b5 Kg7 43. a5 Kf6 44. a6 Kf5 45. Ra3 Be4 46. a7 Rc5 47.
Rb3 Rc1+ 48. Kf2 Ra1 49. Nc4 Ba8 50. b6 Kg4 51. b7 Bxb7 52. Rxb7 Ra2+ 53. Ke1
f6 54. Kd1 Ra1+ 55. Ke2 Ra2+ 56. Kf1 Ra1+ 57. Kg2 Ra2+ 58. Rb2 1-0

[Event "Ch BLR 2014"]
[Site "?"]
[Date "2014.01.17"]
[Round "11.6"]
[White "Lutsko, Igor"]
[Black "Kocheev, Aleksandr"]
[Result "0-1"]
[WhiteElo "2343"]
[BlackElo "2391"]
[PlyCount "160"]
[EventDate "2014.??.??"]

1. Nf3 Nf6 2. g3 g6 3. Bg2 Bg7 4. O-O O-O 5. c4 c6 6. Qc2 d5 7. d3 dxc4 8. Qxc4
Qa5 9. Qh4 Qb6 10. Na3 Be6 11. Ng5 Bg4 12. Nc4 Qd8 13. Ne5 Bxe2 14. Re1 Bh5 15.
g4 Qa5 16. Bf4 h6 17. Ngxf7 Rxf7 18. Nxf7 Kxf7 19. gxh5 Qxh5 20. Qg3 Nbd7 21.
Bh3 Nf8 22. Be5 N8h7 23. d4 Qg5 24. Be6+ Kf8 25. f4 Qxg3+ 26. hxg3 Ke8 27. Rad1
Nf8 28. Bb3 N8d7 29. Kg2 Nb6 30. g4 Kf8 31. Be6 Nfd5 32. Kg3 Bf6 33. g5 Bxe5
34. dxe5 h5 35. Re4 a5 36. a4 Kg7 37. Red4 Rf8 38. Rc1 Nc7 39. Bh3 Nbd5 40. Rc5
Ra8 41. Rd3 e6 42. Bg2 Rf8 43. Rd4 Ra8 44. Bf1 Kf7 45. Rd3 Ra7 46. Kf3 Na8 47.
Rd4 Nab6 48. Be2 Ra8 49. Rc1 Kg7 50. b3 Nc8 51. Bd3 Nce7 52. Rc5 Kf7 53. Rc1
Ke8 54. Ke2 Kd7 55. Rc5 Kc7 56. Kf3 Kb6 57. Rc1 Rf8 58. Rh1 Ka7 59. Kg3 b6 60.
Re1 Kb7 61. Rc4 Kc7 62. Be4 c5 63. Bb1 Kd7 64. Bd3 Ke8 65. Be4 Kf7 66. Re2 Kg7
67. Rd2 Rf7 68. Bb1 Ne3 69. Rc1 N7d5 70. Rf2 Rf8 71. Be4 Ne7 72. Kf3 Ng4 73.
Rd2 Nxe5+ 74. Ke3 Ng4+ 75. Kf3 e5 76. Rd7 Rxf4+ 77. Kg2 Kf8 78. Bb1 e4 79. Rd6
Nf5 80. Rxg6 Nh4+ 0-1